000016672 001__ 16672
000016672 005__ 20260201174230.0
000016672 022__ $$a1895-4588
000016672 022__ $$a1895-4588$$l1895-4588
000016672 022__ $$a2299-0054
000016672 0247_ $$2ZDBID$$aPERI:(DE-600)2596147-0
000016672 0247_ $$2ZDBPPN$$aZDPPN:1010228072
000016672 0247_ $$2EZBID$$aPERI:(DE-606)151602
000016672 0247_ $$2EZBID$$aPERI:(DE-606)151602
000016672 0247_ $$2OCLC$$aOCLC:746274784
000016672 0247_ $$2JCR$$aJCR:VIDEOSURGERY MINIINV
000016672 0247_ $$2ISI$$aWOS:VIDEOSURGERY AND OTHER MINIINVASIVE TECHNIQUES
000016672 0247_ $$2SCOPUS$$aSCOPUS:19200156704
000016672 0247_ $$2Medline$$amedline:101283175
000016672 035__ $$aPERI:(DE-600)2596147-0
000016672 040__ $$a4002$$bger$$cDE-101$$dJOIN²$$eJOIN² journal identification
000016672 041__ $$aeng
000016672 044__ $$cXA-PL
000016672 082__ $$222sdnb$$a610$$qDE-600
000016672 08274 $$222sdnb$$a610$$qDE-600
000016672 2100_ $$2iso$$aWideochir Inne Tech Maloinwazyjne
000016672 2100_ $$2dnlm$$aWideochir Inne Tech Maloinwazyjne
000016672 2100_ $$2iso$$aWideochir Inne Tech Maloinwazyjne
000016672 24220 $$2DE-600$$aWideochirurgia i inne techniki małoinwazyjne$$b= Videosurgery and other miniinvasive techniques$$yen
000016672 24220 $$2DE-600$$aWideochirurgia i inne techniki małoinwazyjne$$b= Videosurgery and other miniinvasive techniques
000016672 245__ $$2DE-600$$aWideochirurgia i inne techniki małoinwazyjne$$b= Videosurgery and other miniinvasive techniques$$hprint, online
000016672 2463_ $$2DE-600$$aWideochirurgia i inne techniki małoinwazyjne
000016672 2463_ $$aVideosurgery and other Miniinvasive Techniques
000016672 2463_ $$aWideochirurgia i inne techniki małoinwazyjne
000016672 2463_ $$a= Videosurgery and other miniinvasive techniques
000016672 260__ $$aPoznań$$bTermedia Wydawnictwa Med.$$c2006-
000016672 2607_ $$2DOAJ$$aPoland$$bMedycyna Praktyczna$$d2025-05-06T10:39:30Z$$fPolish Videosurgery Society
000016672 26431 $$aPoznań$$bTermedia Wydawnictwa Med.$$c2006-
000016672 3620_ $$2DE-600$$aVol. 1, 1 (2006)-
000016672 36301 $$2DE-600$$81.1\x$$a1$$i2006
000016672 365__ $$2DOAJ$$aAPC$$b2300$$cEUR$$d2025-05-06T10:39:30Z
000016672 380__ $$2marcgt$$ajournal
000016672 500__ $$aAutomatically generated record. (Updated: 2025-11-10)
000016672 540__ $$5PubMed Central$$aFree access after 0 months (Immediate release). OpenAccess, coverage$$d2025-11-10
000016672 650_7 $$0ASJC:2729$$2ASJC$$aObstetrics and Gynecology
000016672 650_7 $$0ASJC:2715$$2ASJC$$aGastroenterology
000016672 650_7 $$0ASJC:2746$$2ASJC$$aSurgery
000016672 650_7 $$0ASJC:2748$$2ASJC$$aUrology
000016672 65310 $$2EZB-Subject$$aMedicine
000016672 65310 $$2EZB-Keyword$$aChirurgie
000016672 65310 $$2DOAJ$$avideosurgery$$d2025-05-06T10:39:30Z
000016672 65310 $$2DOAJ$$aminiinvasive techniques$$d2025-05-06T10:39:30Z
000016672 65310 $$2DOAJ$$aoncology$$d2025-05-06T10:39:30Z
000016672 65310 $$2DOAJ$$abariatric surgery$$d2025-05-06T10:39:30Z
000016672 65310 $$2DOAJ$$athoracic surgery$$d2025-05-06T10:39:30Z
000016672 65310 $$2DOAJ$$asurgery$$d2025-05-06T10:39:30Z
000016672 65310 $$2DOAJ$$aMedicine$$d2025-05-06T10:39:30Z
000016672 77608 $$2DE-600$$iErscheint auch als$$nDruck-Ausgabe$$tVideosurgery and other Miniinvasive Techniques$$x1895-4588
000016672 8564_ $$d0$$uhttp://www.termedia.pl/Czasopismo/Wideochirurgia_i_inne_techniki_maloinwazyjne_Videosurgery_and_Other_Miniinvasive_Techniques-42$$yJournal homepage
000016672 8564_ $$d0$$uhttps://ezb.ur.de/?2596147-0$$yEZB
000016672 8564_ $$d0$$uhttps://www.mp.pl/videosurgery/about-us$$yEditorial board
000016672 8564_ $$d0$$uhttps://www.mp.pl/videosurgery/for-authors$$yReview process
000016672 8564_ $$d0$$uhttps://www.termedia.pl/Journal/Wideochirurgia_i_inne_techniki_maloinwazyjne_Videosurgery_and_Other_Miniinvasive_Techniques-42$$yVerlag = kostenfrei
000016672 8801_ $$2DE-600$$aWideochirurgia i inne techniki małoinwazyjne$$b= Videosurgery and other miniinvasive techniques
000016672 909CO $$ooai:juser.fz-juelich.de:64406$$pauthority$$pauthority:PERI
000016672 909CO $$ooai:juser.fz-juelich.de:64406
000016672 915__ $$0StatID:(DE-HGF)0200$$2StatID$$aDBCoverage$$bSCOPUS$$d2025-11-10
000016672 915__ $$0StatID:(DE-HGF)0300$$2StatID$$aDBCoverage$$bMedline$$d2025-11-10
000016672 915__ $$0StatID:(DE-HGF)0320$$2StatID$$aDBCoverage$$bPubMed Central$$d2025-11-10
000016672 915__ $$0StatID:(DE-HGF)0501$$2StatID$$aDBCoverage$$bDOAJ Seal$$d2025-05-06T10:39:30Z
000016672 915__ $$0StatID:(DE-HGF)0500$$2StatID$$aDBCoverage$$bDOAJ$$d2025-05-06T10:39:30Z
000016672 915__ $$0StatID:(DE-HGF)0030$$2StatID$$aPeer Review$$bDOAJ : Double anonymous peer review$$d2025-05-06T10:39:30Z
000016672 915__ $$0StatID:(DE-HGF)0199$$2StatID$$aDBCoverage$$bClarivate Analytics Master Journal List$$d2025-11-10
000016672 915__ $$0StatID:(DE-HGF)0160$$2StatID$$aDBCoverage$$bEssential Science Indicators$$d2025-11-10
000016672 915__ $$0StatID:(DE-HGF)0113$$2StatID$$aWoS$$bScience Citation Index Expanded$$d2025-11-10
000016672 915__ $$0StatID:(DE-HGF)0150$$2StatID$$aDBCoverage$$bWeb of Science Core Collection$$d2025-11-10
000016672 915__ $$0StatID:(DE-HGF)0100$$2StatID$$aJCR$$bVIDEOSURGERY MINIINV : 2022$$d2025-11-10
000016672 915__ $$0StatID:(DE-HGF)0600$$2StatID$$aDBCoverage$$bEbsco Academic Search$$d2025-11-10
000016672 915__ $$0StatID:(DE-HGF)0030$$2StatID$$aPeer Review$$bASC$$d2025-11-10
000016672 915__ $$0StatID:(DE-HGF)9900$$2StatID$$aIF < 5$$d2025-11-10
000016672 915__ $$0StatID:(DE-HGF)0561$$2StatID$$aArticle Processing Charges$$d2025-11-10
000016672 915__ $$0StatID:(DE-HGF)0700$$2StatID$$aFees$$d2025-11-10
000016672 980__ $$aPERI
000016672 980__ $$aAUTHORITY